[Event "Granby"]
[Site "Granby"]
[Date "2018.11.25"]
[Round "4.6"]
[White "Samson, Gaetan"]
[Black "Lalonde, Jean Louis"]
[Result "1-0"]
[WhiteElo "1762"]
[BlackElo "1862"]
[PlyCount "35"]
[EventDate "2018.11.23"]
[EventType "swiss"]
[EventRounds "5"]
[EventCountry "CAN"]
[SourceTitle "EXT 2022"]
[Source "ChessBase"]
[SourceDate "2021.10.06"]
[SourceVersion "1"]
[SourceVersionDate "2021.10.06"]
[SourceQuality "1"]

1. e4 c5 2. Nf3 Nc6 3. d4 cxd4 4. Nxd4 Nf6 5. Nc3 e5 6. Nb3 Be7 7. Bd3 d6 8. 0-0 Be6 9. f4 exf4 10. Rxf4 g5 11. Rf1 Ng4 12. Nd5 a6 13. h3 Nge5 14. Be3 Nd7 15. Qh5 h6 16. Nd4 Nf6 17. Rxf6 Bxf6 18. Nxe6 1-0

[Event "Granby"]
[Site "Granby"]
[Date "2018.11.24"]
[Round "3.6"]
[White "Samson, Gaetan"]
[Black "Mok, Yuen Tak"]
[Result "1/2-1/2"]
[WhiteElo "1762"]
[BlackElo "1924"]
[PlyCount "162"]
[EventDate "2018.11.23"]
[EventType "swiss"]
[EventRounds "5"]
[EventCountry "CAN"]
[SourceTitle "EXT 2022"]
[Source "ChessBase"]
[SourceDate "2021.10.06"]
[SourceVersion "1"]
[SourceVersionDate "2021.10.06"]
[SourceQuality "1"]

1. e4 e5 2. Nf3 Nf6 3. Nxe5 d6 4. Nf3 Nxe4 5. Nc3 Nxc3 6. dxc3 Be7 7. Bd3 Nd7 8. 0-0 Nc5 9. Be2 0-0 10. Re1 Re8 11. Be3 Bf5 12. Qd2 Qd7 13. Rad1 Qa4 14. Nd4 Ne4 15. Qc1 Bd7 16. a3 c6 17. Nb3 c5 18. f3 Nf6 19. Bg5 Be6 20. Bxf6 Bxf6 21. g3 Rad8 22. Nd2 d5 23. b3 Qc6 24. Nb1 b5 25. Qf4 h6 26. a4 a6 27. h4 d4 28. axb5 axb5 29. Na3 Rb8 30. c4 b4 31. Nb5 Bd7 32. Bd3 g5 33. Qd6 gxh4 34. Kg2 Qxd6 35. Nxd6 Rxe1 36. Rxe1 hxg3 37. Kxg3 Be6 38. Ne4 Be7 39. Rh1 Kg7 40. Kf2 Rh8 41. Ng3 Kf8 42. Ra1 Bh4 43. Rh1 Bxg3+ 44. Kxg3 h5 45. Kf4 Ke7 46. Kg5 f6+ 47. Kh4 Bf7 48. Ra1 Rc8 49. Ra7+ Kf8 50. Bf5 Re8 51. Be4 Re5 52. Ra8+ Kg7 53. Ra7 Kf8 54. Ra8+ Re8 55. Ra7 Re7 56. Ra8+ Kg7 57. Rc8 Re5 58. Rc7 Kf8 59. Rc8+ Ke7 60. Rc7+ Ke8 61. Rc8+ Kd7 62. Rf8 Ke7 63. Rc8 f5 64. Bd3 f4 65. Be4 Be6 66. Rh8 Bf7 67. Rh7 Kf6 68. Rh6+ Kg7 69. Rc6 Be8 70. Rc7+ Kf6 71. Rh7 Bg6 72. Rh6 Rg5 73. Bxg6 Rxg6 74. Rxh5 Rg2 75. Rxc5 Rxc2 76. Rd5 Rc3 77. Kg4 d3 78. Kxf4 Rxb3 79. Ke4 Rc3 80. Rxd3 Rxc4+ 81. Rd4 Rxd4+ 1/2-1/2

[Event "Quebec op U2000"]
[Site "Longueuil"]
[Date "2018.07.28"]
[Round "9.30"]
[White "Zhang, Hou Han"]
[Black "Samson, Gaetan"]
[Result "1/2-1/2"]
[WhiteElo "1770"]
[BlackElo "1755"]
[PlyCount "65"]
[EventDate "2018.07.21"]
[EventType "swiss"]
[EventRounds "9"]
[EventCountry "CAN"]
[SourceTitle "EXT 2022"]
[Source "ChessBase"]
[SourceDate "2021.10.06"]
[SourceVersion "1"]
[SourceVersionDate "2021.10.06"]
[SourceQuality "1"]

1. Nf3 Nf6 2. g3 g6 3. c4 Bg7 4. d4 0-0 5. Bg2 c6 6. 0-0 Na6 7. Nc3 d6 8. Bg5 h6 9. Bxf6 Bxf6 10. Qb3 Rb8 11. Rfd1 Nc7 12. e4 Bd7 13. e5 Bg7 14. exd6 exd6 15. Qa3 Be6 16. d5 cxd5 17. cxd5 Bg4 18. Qxa7 b5 19. h3 Bxf3 20. Bxf3 b4 21. Ne4 f5 22. Nd2 Bxb2 23. Rab1 Be5 24. a4 bxa3 25. Rxb8 Qxb8 26. Qxa3 Qb6 27. Nc4 Qa6 28. Qc1 Bg7 29. Ne5 dxe5 30. Qxc7 e4 31. Bg2 Qe2 32. Rc1 e3 33. Qf4 1/2-1/2

[Event "Quebec op U2000"]
[Site "Longueuil"]
[Date "2018.07.24"]
[Round "5.37"]
[White "Leger, Manon"]
[Black "Samson, Gaetan"]
[Result "0-1"]
[WhiteElo "1752"]
[BlackElo "1755"]
[PlyCount "62"]
[EventDate "2018.07.21"]
[EventType "swiss"]
[EventRounds "9"]
[EventCountry "CAN"]
[SourceTitle "EXT 2022"]
[Source "ChessBase"]
[SourceDate "2021.10.06"]
[SourceVersion "1"]
[SourceVersionDate "2021.10.06"]
[SourceQuality "1"]

1. e4 c5 2. Nf3 d6 3. d4 cxd4 4. Nxd4 Nf6 5. Nc3 a6 6. Bg5 e6 7. f4 Be7 8. Qf3 Qc7 9. 0-0-0 Nc6 10. g4 Bd7 11. Nb3 Rc8 12. Bxf6 Bxf6 13. a3 Na5 14. Nd4 Nc4 15. Bxc4 Qxc4 16. Qd3 b5 17. Rhe1 b4 18. axb4 Qxb4 19. g5 Be7 20. Qxa6 0-0 21. Nb3 Ra8 22. Qd3 f5 23. e5 Qxf4+ 24. Kb1 d5 25. Nxd5 exd5 26. Qxd5+ Kh8 27. Qxd7 Bxg5 28. Qd2 Qh4 29. Qe2 Qa4 30. c4 Qxb3 31. e6 Rfb8 0-1

[Event "Quebec-ch qual1"]
[Site "Montreal"]
[Date "2006.05.06"]
[Round "2"]
[White "Bekteshi, Muhamet"]
[Black "Samson, Gaetan"]
[Result "1-0"]
[WhiteElo "2066"]
[BlackElo "1905"]
[PlyCount "84"]
[EventDate "2006.05.05"]
[EventType "swiss"]
[EventRounds "5"]
[EventCountry "CAN"]
[SourceTitle "EXT 2007"]
[Source "ChessBase"]
[SourceDate "2006.11.23"]
[SourceVersion "1"]
[SourceVersionDate "2006.11.23"]
[SourceQuality "1"]

1. d4 Nf6 2. Nf3 g6 3. c4 Bg7 4. Nc3 0-0 5. Bg5 d6 6. e3 Nbd7 7. Bd3 c6 8. 0-0 Qc7 9. Rc1 e5 10. Re1 Re8 11. Bb1 Nf8 12. h3 Ne6 13. Bh4 Nh5 14. g4 Nf6 15. Bg3 exd4 16. exd4 Bh6 17. Rc2 Nf4 18. Rxe8+ Nxe8 19. Bxf4 Bxf4 20. Re2 Be6 21. d5 cxd5 22. cxd5 Bd7 23. Qd4 Bh6 24. Re7 Bg7 25. Qf4 Bf6 26. Rxe8+ Rxe8 27. Qxf6 Qb6 28. Ne4 Rc8 29. Nxd6 Be8 30. Be4 Rd8 31. Nxe8 Rxe8 32. Qxb6 axb6 33. Bd3 Rd8 34. Bc4 b5 35. Bb3 Rc8 36. Nd4 Rc5 37. Kg2 Kf8 38. d6 Ke8 39. Nxb5 h5 40. a4 hxg4 41. hxg4 f5 42. Be6 fxg4 1-0

[Event "Montreal Pere Noel op"]
[Site "Montreal"]
[Date "2005.12.29"]
[Round "4"]
[White "Forget, Luc"]
[Black "Samson, Gaetan"]
[Result "1-0"]
[WhiteElo "1873"]
[BlackElo "1948"]
[PlyCount "57"]
[EventDate "2005.12.26"]
[EventType "swiss"]
[EventRounds "5"]
[EventCountry "CAN"]
[SourceTitle "EXT 2007"]
[Source "ChessBase"]
[SourceDate "2006.11.23"]
[SourceVersion "1"]
[SourceVersionDate "2006.11.23"]
[SourceQuality "1"]

1. d4 Nf6 2. c4 g6 3. Nc3 Bg7 4. e4 d6 5. Nf3 0-0 6. Be2 Nc6 7. 0-0 e5 8. d5 Ne7 9. b4 Ne8 10. c5 f5 11. Ng5 Nf6 12. Bf3 f4 13. Bb2 a5 14. b5 dxc5 15. Na4 Qd6 16. Qb3 b6 17. Rfe1 Nh5 18. Rad1 Qf6 19. d6+ Kh8 20. d7 Bxd7 21. Rxd7 Qxg5 22. Rxc7 Rab8 23. Rd1 Bf6 24. Rdd7 Ng7 25. Rb7 Rxb7 26. Rxb7 Nc8 27. Rd7 h5 28. Qd5 Ne8 29. Qa8 1-0

[Event "Quebec-ch qual U2000"]
[Site "Montreal"]
[Date "2005.10.09"]
[Round "3"]
[White "Lemire Paquin, Alexandre"]
[Black "Samson, Gaetan"]
[Result "1-0"]
[WhiteElo "1921"]
[BlackElo "1959"]
[PlyCount "129"]
[EventDate "2005.10.08"]
[EventType "swiss"]
[EventRounds "3"]
[EventCountry "CAN"]
[SourceTitle "EXT 2009"]
[Source "ChessBase"]
[SourceDate "2008.11.26"]
[SourceVersion "1"]
[SourceVersionDate "2008.11.26"]
[SourceQuality "1"]

1. d4 Nf6 2. c4 g6 3. Nf3 Bg7 4. g3 0-0 5. Bg2 d6 6. 0-0 Nbd7 7. Nc3 c5 8. d5 Nb6 9. Nd2 Bd7 10. Qc2 Qc8 11. b3 Bh3 12. Bb2 Bxg2 13. Kxg2 Nbd7 14. h3 a6 15. a4 Nh5 16. f4 e5 17. f5 Qd8 18. Nde4 Ndf6 19. Bc1 Nxe4 20. Nxe4 h6 21. Ra2 g5 22. e3 Rb8 23. g4 Nf6 24. Nc3 Nd7 25. e4 f6 26. Rh1 Rf7 27. h4 Bf8 28. Kf3 Rh7 29. Qh2 Qe7 30. Be3 Qg7 31. Qg1 Be7 32. Rah2 Kf7 33. Rh3 Rbh8 34. Qh2 h5 35. Qg2 hxg4+ 36. Qxg4 gxh4 37. Rxh4 Qxg4+ 38. Kxg4 Rxh4+ 39. Rxh4 Rxh4+ 40. Kxh4 Nf8 41. Kh5 Nh7 42. Bh6 Bd8 43. Ne2 Ba5 44. Ng1 Bc3 45. Nf3 Ba5 46. Nh4 Bd8 47. Ng6 b6 48. Nh4 Be7 49. Bd2 Bd8 50. Kh6 Nf8 51. Ng6 Nd7 52. Kh7 a5 53. Nh8+ Ke8 54. Bh6 Be7 55. Ng6 Kf7 56. Bg7 Bd8 57. Nh8+ Ke8 58. Kg6 Be7 59. Nf7 b5 60. axb5 Nb6 61. Bxf6 a4 62. bxa4 Nxc4 63. Bxe7 Kxe7 64. f6+ Kf8 65. Ng5 1-0

[Event "Quebec-ch qual2"]
[Site "Montreal"]
[Date "2005.05.14"]
[Round "2"]
[White "O'Connor, Michael"]
[Black "Samson, Gaetan"]
[Result "0-1"]
[WhiteElo "1802"]
[BlackElo "1791"]
[PlyCount "62"]
[EventDate "2005.05.13"]
[EventType "swiss"]
[EventRounds "5"]
[EventCountry "CAN"]
[SourceTitle "CBM 106 Extra"]
[Source "ChessBase"]
[SourceDate "2005.07.01"]
[SourceVersion "1"]
[SourceVersionDate "2005.07.01"]
[SourceQuality "1"]

1. d4 Nf6 2. Nf3 g6 3. c4 Bg7 4. Nc3 0-0 5. e4 d6 6. Be2 Nc6 7. 0-0 e5 8. d5 Ne7 9. Rb1 Ne8 10. b4 f5 11. Nd2 Nf6 12. f3 f4 13. c5 g5 14. Nc4 a6 15. Qb3 Ng6 16. cxd6 cxd6 17. b5 g4 18. bxa6 bxa6 19. Qb6 gxf3 20. Bxf3 Nh4 21. Qxd6 Nxf3+ 22. Rxf3 Bg4 23. Rd3 Nd7 24. Ba3 Rf6 25. Qe7 Qc7 26. Qb4 Rb8 27. Qa4 Rxb1+ 28. Nxb1 Be2 29. Rc3 Qa7+ 30. Kh1 Qf2 31. Rc1 Bf1 0-1

[Event "Quebec-ch qual1"]
[Site "Montreal"]
[Date "2005.04.29"]
[Round "1"]
[White "Sullivan, Neil"]
[Black "Samson, Gaetan"]
[Result "1-0"]
[WhiteElo "2122"]
[BlackElo "1803"]
[PlyCount "47"]
[EventDate "2005.04.29"]
[EventType "swiss"]
[EventRounds "5"]
[EventCountry "CAN"]
[SourceTitle "CBM 106 Extra"]
[Source "ChessBase"]
[SourceDate "2005.07.01"]
[SourceVersion "1"]
[SourceVersionDate "2005.07.01"]
[SourceQuality "1"]

1. e4 c5 2. Nc3 Nc6 3. g3 g6 4. Bg2 Bg7 5. d3 d6 6. Be3 a6 7. Qd2 Be6 8. Nge2 Nd4 9. 0-0 Bh3 10. f4 Bxg2 11. Kxg2 Nxe2 12. Nxe2 Qd7 13. c3 Nf6 14. h3 h5 15. Rab1 Rc8 16. f5 gxf5 17. Rxf5 c4 18. Rbf1 cxd3 19. Nd4 e5 20. Nb3 Qa4 21. Qxd3 Qxa2 22. Qxd6 Nxe4 23. Rxe5+ Bxe5 24. Qxe5+ 1-0

[Event "Montreal op"]
[Site "Montreal"]
[Date "1989.09.03"]
[Round "4"]
[White "Morin, Louis"]
[Black "Samson, Gaetan"]
[Result "0-1"]
[WhiteElo "1941"]
[BlackElo "1814"]
[PlyCount "104"]
[EventDate "1989.09.02"]
[EventType "swiss"]
[EventRounds "5"]
[EventCountry "CAN"]
[SourceTitle "EXT 2022"]
[Source "ChessBase"]
[SourceDate "2021.10.06"]
[SourceVersion "1"]
[SourceVersionDate "2021.10.06"]
[SourceQuality "1"]

1. e4 e5 2. Nf3 f5 3. exf5 e4 4. Ne5 Nf6 5. Be2 d6 6. Bh5+ Ke7 7. Nf7 Qe8 8. Nxh8 Qxh5 9. Qxh5 Nxh5 10. g4 Nf6 11. h3 Nc6 12. d3 Ne5 13. d4 Nf3+ 14. Kf1 b6 15. Be3 d5 16. Nd2 Nxd2+ 17. Bxd2 Ke8 18. Bf4 Bd6 19. Bxd6 cxd6 20. Ke2 Ba6+ 21. Ke3 Ke7 22. Ng6+ hxg6 23. fxg6 Nd7 24. h4 Rf8 25. Rh3 Kf6 26. f4 exf3 27. Rxf3+ Kxg6 28. Rxf8 Nxf8 29. a4 Bc4 30. Ra3 Nh7 31. b3 Bf1 32. Ra1 Bh3 33. Kf4 Nf6 34. a5 b5 35. Re1 Bxg4 36. Re7 Bd7 37. Kf3 Kh7 38. Re3 Kg8 39. Kf4 Kf7 40. Kg5 Bg4 41. Re1 Bf3 42. Rc1 Be2 43. Kf4 Ne4 44. Ke3 Bh5 45. c4 bxc4 46. bxc4 Ke6 47. cxd5+ Kxd5 48. Rc7 Ng3 49. Rxa7 Nf5+ 50. Kd3 g6 51. Rc7 Nxd4 52. Rc4 Be2+ 0-1

[Event "Quebec op"]
[Site "Montreal"]
[Date "1989.07.22"]
[Round "1"]
[White "Billard, Michel"]
[Black "Samson, Gaetan"]
[Result "1-0"]
[WhiteElo "2086"]
[BlackElo "1819"]
[PlyCount "37"]
[EventDate "1989.07.22"]
[EventType "swiss"]
[EventRounds "8"]
[EventCountry "CAN"]
[SourceTitle "EXT 2022"]
[Source "ChessBase"]
[SourceDate "2021.10.06"]
[SourceVersion "1"]
[SourceVersionDate "2021.10.06"]
[SourceQuality "1"]

1. e4 e5 2. Nf3 f5 3. Nxe5 Nf6 4. d3 Qe7 5. Nf3 fxe4 6. dxe4 Qxe4+ 7. Be2 Be7 8. 0-0 d5 9. Nc3 Qg6 10. Nxd5 Nxd5 11. Qxd5 c6 12. Qb3 Nd7 13. Re1 Nc5 14. Qe3 Kd8 15. Bc4 Bd6 16. Ne5 Bxe5 17. Qxe5 Nd7 18. Qe7+ Kc7 19. Bf4+ 1-0

[Event "Quebec op"]
[Site "Montreal"]
[Date "1987.07.29"]
[Round "4"]
[White "Samson, Gaetan"]
[Black "Desforges, Jean"]
[Result "1-0"]
[WhiteElo "1740"]
[BlackElo "2004"]
[PlyCount "71"]
[EventDate "1987.07.26"]
[EventType "swiss"]
[EventRounds "8"]
[EventCountry "CAN"]
[SourceTitle "EXT 2022"]
[Source "ChessBase"]
[SourceDate "2021.10.06"]
[SourceVersion "1"]
[SourceVersionDate "2021.10.06"]
[SourceQuality "1"]

1. e4 Nf6 2. e5 Nd5 3. d4 d6 4. c4 Nb6 5. f4 dxe5 6. fxe5 c5 7. d5 g6 8. Bf4 Bg7 9. Nc3 0-0 10. Nf3 Bg4 11. h3 Bxf3 12. Qxf3 e6 13. 0-0-0 Qe7 14. d6 Qd8 15. h4 Nc6 16. Bg5 f6 17. exf6 Bxf6 18. Qg4 Nd4 19. Ne4 Nd7 20. Nxf6+ Nxf6 21. Qg3 Ne4 22. Qe3 Nxg5 23. hxg5 Rf5 24. Rxd4 cxd4 25. Qxe6+ Kg7 26. Bd3 Qxg5+ 27. Kb1 Qxg2 28. Qe7+ Rf7 29. Rxh7+ Kxh7 30. Qxf7+ Kh6 31. d7 Qg1+ 32. Kc2 Qg2+ 33. Kb3 Qg3 34. Kc2 Rd8 35. Qe8 Qh4 36. Qxg6# 1-0

[Event "Quebec op"]
[Site "Montreal"]
[Date "1986.08.06"]
[Round "4"]
[White "Dessureault, Miachel"]
[Black "Samson, Gaetan"]
[Result "0-1"]
[WhiteElo "1653"]
[BlackElo "1583"]
[PlyCount "50"]
[EventDate "1986.08.03"]
[EventType "swiss"]
[EventRounds "8"]
[EventCountry "CAN"]
[SourceTitle "EXT 2022"]
[Source "ChessBase"]
[SourceDate "2021.10.06"]
[SourceVersion "1"]
[SourceVersionDate "2021.10.06"]
[SourceQuality "1"]

1. e4 c5 2. Nf3 d6 3. d4 cxd4 4. Nxd4 Nf6 5. Nc3 a6 6. Be2 e6 7. Be3 Nc6 8. f4 Qc7 9. 0-0 Bd7 10. a3 Rc8 11. Bf3 Be7 12. Kh1 0-0 13. Rc1 Rfd8 14. Qe2 Be8 15. g4 d5 16. e5 Ne4 17. Nxc6 Bxc6 18. Rfd1 Nxc3 19. bxc3 Bxa3 20. Rb1 Bb5 21. Qf2 Bc5 22. Rxb5 axb5 23. Rb1 Bxe3 24. Qxe3 Qxc3 25. Qxc3 Rxc3 0-1

[Event "Trois-Rivieres Elimination 1/8 final"]
[Site "Trois Rivieres"]
[Date "1976.03.03"]
[Round "3"]
[White "Hebert, Yves"]
[Black "Samson, Gaetan"]
[Result "1-0"]
[WhiteElo "1105"]
[BlackElo "1325"]
[PlyCount "37"]
[EventDate "1976.01.28"]
[EventType "swiss"]
[EventRounds "4"]
[EventCountry "CAN"]
[SourceTitle "EXT 2022"]
[Source "ChessBase"]
[SourceDate "2021.10.06"]
[SourceVersion "1"]
[SourceVersionDate "2021.10.06"]
[SourceQuality "1"]

1. e4 c5 2. Nc3 e6 3. g3 Nc6 4. Bg2 Be7 5. Nge2 Nf6 6. d3 0-0 7. 0-0 Qc7 8. f4 a6 9. Kh1 Rb8 10. Ng1 b5 11. Nh3 Ne8 12. f5 e5 13. Nd5 Qd8 14. Nxe7+ Qxe7 15. g4 f6 16. g5 Bb7 17. Rg1 Rf7 18. g6 hxg6 19. fxg6 1-0